| 000 | 00960cam a22002531i 4500 | ||
|---|---|---|---|
| 003 | SA-RiAUC | ||
| 005 | 20250524164525.0 | ||
| 008 | 250522s1997 ir g 000 0 ara c | ||
| 040 |
_aIQ-KaIHL _bara _cSA-RiAUC. _erda |
||
| 082 | 0 | 4 |
_a247.1 _qSA-RiAUC |
| 090 |
_a247.1 _bا ص ف |
||
| 100 | 1 |
_aالآصفي، محمد مهدي، _d1939-2015 _eمؤلف. |
|
| 245 | 1 | 2 |
_aالولاء والبراءة : _bولاية الله / _cتأليف محمد مهدي الآصفي. |
| 250 | _aالطبعة الأولى. | ||
| 264 | 1 |
_aطهران : _bرابطة الثقافة والعلاقات الإسلامية، _c[1997] |
|
| 300 |
_aصفحة ؛ _c20 سم |
||
| 336 |
_aنص _btxt _2rdacontent _3كتاب |
||
| 337 |
_aبدون وسيط _bn _2rdamedia |
||
| 338 |
_aمجلد _bnc _2rdacarrier |
||
| 650 | 7 |
_aالولاء (شيعة) _2aucsh |
|
| 650 | 7 |
_aالولاية (فقه شيعي) _2aucsh |
|
| 942 |
_2ddc _cBOOK _n0 |
||
| 949 |
_aSA-JeALM _d250522 _umohamedma123 _n1 |
||
| 999 |
_c8340 _d8340 |
||